000 01046cab a2200217 4500
001 ABS38448
008 090401t1987 xxu||||| |||| 00| 0 eng d
035 _a(Sirsi) u10682
041 _aeng
100 _aYoung, E.
245 _aServicing land development - the costs
260 _c1987
350 _a0
490 _aScottish Planning Law and Practice
_v(22) October 1987, 69-71(3)
520 _aThe development of land often generates the need for extra services , the cost of which may not be voluntarily assumed by the developer. This article examines current legislation governing the extent to which the costs of servicing land development should be borne by the developer and the extent to which they should be borne by the public sector or by the community at large, before going on to examine the results of research into how the distribution of costs actually work in practice. References.
650 _aInfrastructure
_96246
650 _aPROPERTY
690 _aPLANNING LAW AND PRACTICE
942 _n0
948 _c04/03/1997
999 _c6775
_d6775